000
00280nam a22001337a 4500
003
SGT
082
_a
611
_b
GAR
100
_a
GARG, KRISHNA
245
_a
PRACTICAL ANATOMY WORKBOOK
260
_a
INDIA
_b
CBS PUB.
_c
2015
300
_a
234
650
_a
ANATOMY
942
_2
ddc
_c
BK
999
_c
32436
_d
32436